000 00452nam a2200181Ia 4500
001 1148
005 20260306140610.0
008 260306t2006||||xx |||||||||||||| ||spa||
041 _aESP
082 _a185
_bA72A
100 _aJiménes Torres, Óscar
_eAUT
245 0 _aElementos de las ciencias demostrativas en Aristóteles
260 _c2006
300 _a570 páginas :
_c24 cm.
650 _aGEN
654 _aCHU
942 _cLIB
_dJUS
_fJUS
_2ddc
_n
999 _c1148
_d1148